Recycled Crumb Rubber as Coarse Aggregate Replacement in Self Compacting Concrete ( Thesis ME) (Record no. 69068)

MARC details
000 -LEADER
fixed length control field 00426nam a22001217a 4500
100 ## - MAIN ENTRY--AUTHOR NAME
Personal name Engr. Asadullah Qazi
-- 21-MCE-05
-- Supervisor - Dr. Muneeb Ayoub Memon
245 ## - TITLE STATEMENT
Title Recycled Crumb Rubber as Coarse Aggregate Replacement in Self Compacting Concrete ( Thesis ME)
260 ## - PUBLICATION, DISTRIBUTION, ETC. (IMPRINT)
Place of publication Nawabshah
Name of publisher QUEST
Year of publication 2025
300 ## - PHYSICAL DESCRIPTION
Number of Pages 78p.
700 ## - ADDED ENTRY--PERSONAL NAME
Personal name Department of Civil Engineering
942 ## - ADDED ENTRY ELEMENTS (KOHA)
Koha item type Thesis and Dissertation
Holdings
Withdrawn status Lost status Home library Current library Date acquired Accession Number Koha item type
    Research Section Research Section 29/06/2026 MP/102-1528 Thesis and Dissertation
    Research Section Research Section 29/06/2026 MP/102-1529 Thesis and Dissertation